| 000 | 00675nam a2200241 4500 | ||
|---|---|---|---|
| 003 | OSt | ||
| 005 | 20260530115304.0 | ||
| 008 | 260506b1979 |||||||| |||| 00| 0 spa d | ||
| 020 | _a8425209005 | ||
| 040 |
_aICI _bspa _cICI |
||
| 041 | _aspa | ||
| 050 |
_aQA445 _bP43 |
||
| 100 | 1 |
_aDan, Pedoe, _eautor _931642 |
|
| 245 | 1 | 3 |
_aLa geometría en el arte _cDan Pedoe ; version castellana de Caroline Phipps |
| 264 | 1 |
_bGustavo Gili Barcelona _c1979 |
|
| 300 | _a289 páginas | ||
| 336 |
_atexto _2rdacontent |
||
| 337 |
_asin medio _2rdamedia |
||
| 338 |
_avolumen _2rdacarrier |
||
| 490 | 0 | _aColección punto y línea | |
| 650 | 0 | 0 |
_aGeometría _915865 |
| 942 |
_2lcc _cBK _n1 |
||
| 999 |
_c12988 _d12988 |
||